Marvel Or Dc Characters #9 - Statistics

General Stats
  • This quiz has been taken 73 times
  • The average score is 14 of 15
Answer Stats
Question Answer % Correct
Magneto Marvel
100%
War Machine Marvel
100%
Winter Soldier Marvel
100%
Kamala Khan Marvel
95%
Hal Jordan DC
93%
Carol Danvers Marvel
93%
Deathstroke DC
90%
Bloodsport DC
90%
Peacemaker DC
90%
Guy Gardner DC
90%
Sentry Marvel
90%
Colossus Marvel
90%
John Stewart DC
88%
Gambit Marvel
88%
Rouge Marvel
76%
No matching quizzes found
Score Distribution
Percent of People with Each Score
Percentile by Number Answered
Your Score History
You have not taken this quiz